| 000 | 00811nam a2200205 a 4500 | ||
|---|---|---|---|
| 008 | 060515s2006 ||||||||||||||||| || u | ||
| 020 | _a0821363727 | ||
| 050 | _aIBRD(02) | ||
| 100 | _aOzden, Caglar | ||
| 245 | 1 | 0 |
_aInternational migration, remittances and the brain drain _cedited by Caglar Ozden; Maurice Schiff |
| 260 |
_aWashington, D. C. _bWorld Bank _c2006 |
||
| 300 | _axiv; 274p.; ill. | ||
| 350 | _a0.00 | ||
| 490 | _aTrade and development series | ||
| 650 | 0 | _aECONOMIC DEVELOPMENT--AFRICA, SUB-SAHARAN | |
| 650 | _aMIGRATION, INTERNATIONAL--STATISTICS--ASIA, CENTRAL | ||
| 650 | _aLABOUR | ||
| 700 | _aSchiff, Maurice | ||
| 995 |
_D0.00 _FCBU-MAIN LIBRARY (Kitwe) _H1 _I0.00 _M1 _UAVAILABLE _WMay 15, 2006 _ZInternational Publications |
||
| 999 |
_c47449 _d47449 |
||